|
|
|
|
| LEADER |
00000nam a22000007a 4500 |
| 005 |
20140502193129.0 |
| 007 |
cr|||| |||| |
| 008 |
140502s2014 es |||||s|||| 00||0 spa d |
| 035 |
|
|
|a 12108
|
| 040 |
|
|
|a vLex
|
| 090 |
|
|
|c 4892
|d 4892
|
| 100 |
1 |
|
|a Martn̕ez Atienza, Gorgonio
|
| 245 |
1 |
0 |
|a Ley de Enjuiciamiento Civil, Ley de Mediacin̤ en asuntos civiles y mercantiles y actos de jurisdiccin̤ voluntaria
|h [Recurso electrn̤ico] /
|c Gorgonio Martn̕ez Atienza
|
| 256 |
|
|
|a Servicio en ln̕ea
|
| 260 |
|
|
|a Barcelona:
|b Editorial vLex,
|c 2014
|
| 300 |
|
|
|a 1 recurso electrn̤ico
|
| 506 |
1 |
|
|a Disponible solo en los productos indicados
|d vLex Global
|d vLex Global (Academic Edition, excluding Law Schools)
|d vLex Global (U.S. Academic Edition, Law Schools)
|d vLex Global (U.S. Academic Edition, excluding Law Schools)
|d vLex Global (Academic Edition, Law Schools)
|
| 650 |
0 |
4 |
|a Derecho Civil
|z Espaą
|
| 650 |
0 |
4 |
|a Arbitraje
|z Espaą
|
| 650 |
0 |
4 |
|a Procedimiento Civil
|z Espaą
|
| 740 |
0 |
|
|a vLex Libros (Servicio en ln̕ea)
|
| 856 |
4 |
0 |
|u http://vlex.com/source/ley-enjuiciamiento-civil-ley-mediacion-asuntos-civiles-mercantiles-actos-jurisdiccion-voluntaria-12108
|z Acceso restringido
|
| 942 |
|
|
|c BOOK
|
| 999 |
0 |
|
|a Civil Law
|
| 999 |
0 |
|
|a Arbitration
|
| 999 |
0 |
|
|a Civil Procedure
|